[Event "Vitoria da Conquista"]
[Site "Vitoria da Conquista"]
[Date "2020.03.21"]
[Round "8"]
[White "Figueredo, Bianca Marchini"]
[Black "Louro, Joao Vicente Alves"]
[Result "1-0"]
[WhiteElo "1163"]
[BlackElo "1437"]
[PlyCount "51"]
[EventDate "2020.03.12"]
[EventType "tourn"]
[EventRounds "11"]
[EventCountry "BRA"]
[SourceTitle "CBM 197 Extra"]
[Source "ChessBase"]
[SourceDate "2020.09.30"]
[SourceVersion "1"]
[SourceVersionDate "2020.09.30"]
[SourceQuality "1"]

1. e4 e5 2. Nf3 Nc6 3. Bc4 Bc5 4. c3 d6 5. d4 Bb6 6. Ng5 Nh6 7. f4 exd4 8. cxd4 Nxd4 9. f5 Qe7 10. Nc3 Bxf5 11. Nd5 Bg4 12. Qd3 Qd7 13. Nxb6 axb6 14. Qxd4 f6 15. Nf3 b5 16. Bb3 c5 17. Qc3 Be6 18. Bxh6 gxh6 19. 0-0 Bxb3 20. axb3 Ke7 21. Rxa8 Rxa8 22. Nh4 Rf8 23. Nf5+ Kd8 24. Nxh6 b4 25. Qg3 Kc7 26. Nf5 1-0

[Event "Vitoria da Conquista"]
[Site "Vitoria da Conquista"]
[Date "2020.03.13"]
[Round "2"]
[White "Louro, Joao Vicente Alves"]
[Black "Neves, Cristiano Libarino"]
[Result "0-1"]
[WhiteElo "1437"]
[BlackElo "1976"]
[PlyCount "100"]
[EventDate "2020.03.12"]
[EventType "tourn"]
[EventRounds "11"]
[EventCountry "BRA"]
[SourceTitle "CBM 197 Extra"]
[Source "ChessBase"]
[SourceDate "2020.09.30"]
[SourceVersion "1"]
[SourceVersionDate "2020.09.30"]
[SourceQuality "1"]

1. e4 d5 2. exd5 Qxd5 3. Nc3 Qd6 4. d4 Nf6 5. Nf3 a6 6. Bc4 e6 7. 0-0 Be7 8. Re1 b5 9. Bd3 Bb7 10. Ne4 Nxe4 11. Bxe4 c6 12. Qe2 0-0 13. c3 Nd7 14. Bc2 Nf6 15. Ne5 c5 16. dxc5 Qxc5 17. Ng4 Rad8 18. Nxf6+ Bxf6 19. Be4 Bd5 20. Be3 Qc6 21. Bxd5 Rxd5 22. Red1 Rfd8 23. Rac1 h6 24. Rxd5 Qxd5 25. b3 Rc8 26. Qd2 Rxc3 27. Rxc3 Bxc3 28. Qxd5 exd5 29. Kf1 d4 30. Bf4 d3 31. f3 f5 32. h4 Kf7 33. Kf2 Kf6 34. Ke3 d2 35. Ke2 g5 36. hxg5+ hxg5 37. Bxd2 Bxd2 38. Kxd2 Ke5 39. Ke3 b4 40. g3 f4+ 41. gxf4+ gxf4+ 42. Kd3 Kd5 43. Kc2 Kd4 44. Kb2 Ke3 45. a3 a5 46. axb4 axb4 47. Kc2 Ke2 48. Kc1 Kxf3 49. Kd1 Kg2 50. Ke2 f3+ 0-1

[Event "BRA-ch U14"]
[Site "Florianopolis"]
[Date "2019.04.19"]
[Round "2"]
[White "Louro, Joao Vicente Alves"]
[Black "Campora, Felipe Marques"]
[Result "1-0"]
[WhiteElo "1779"]
[BlackElo "1249"]
[PlyCount "123"]
[EventDate "2019.04.18"]
[EventType "swiss"]
[EventRounds "6"]
[EventCountry "BRA"]
[SourceTitle "CBM 190 Extra"]
[Source "ChessBase"]
[SourceDate "2019.07.15"]
[SourceVersion "1"]
[SourceVersionDate "2019.07.15"]
[SourceQuality "1"]

1. e4 e6 2. d4 d5 3. Nc3 dxe4 4. Nxe4 Nd7 5. Nf3 Ngf6 6. Bd3 Nxe4 7. Bxe4 Nf6 8. Bd3 c5 9. Bb5+ Bd7 10. Bxd7+ Qxd7 11. 0-0 Rd8 12. Be3 Qb5 13. Qc1 Nd5 14. c4 Qd7 15. cxd5 Rc8 16. dxe6 fxe6 17. Qd2 Be7 18. dxc5 Qxd2 19. Nxd2 Bxc5 20. Bxc5 Rxc5 21. Rac1 Rd5 22. Rc8+ Rd8 23. Rxd8+ Kxd8 24. Nb3 Ke7 25. f4 g6 26. Rd1 Rc8 27. Rc1 Rxc1+ 28. Nxc1 Kd6 29. Kf2 e5 30. fxe5+ Kxe5 31. Ke3 g5 32. g4 h6 33. b3 Kd5 34. a3 a5 35. Nd3 b6 36. a4 Ke6 37. Ke4 Ke7 38. Kf5 Kf7 39. Ne5+ Ke7 40. Nc4 Kf7 41. Nxb6 Kg7 42. Nc4 Kf7 43. Nxa5 Ke7 44. Nc4 Kd7 45. a5 Kc6 46. Kg6 Kb5 47. Kxh6 Kc6 48. Kxg5 Kd7 49. a6 Kc6 50. h4 Kc7 51. h5 Kc6 52. h6 Kd7 53. h7 Ke7 54. h8Q Kd7 55. Qg7+ Kc6 56. Qb7+ Kc5 57. Qb6+ Kd5 58. a7 Ke4 59. a8Q+ Kd3 60. Qd5+ Ke2 61. Qe3+ Kf1 62. Qh1# 1-0